[Event "4NCL Division 4 South"]
[Site "Maidenhead, ENG"]
[Date "2019.11.10"]
[Round "2.102"]
[White "Vaidya, Raghav"]
[Black "Saidmurodov, Shahjahon"]
[Result "0-1"]
[WhiteElo "1697"]
[BlackElo "1782"]
[PlyCount "54"]
[EventDate "2019.11.10"]
[WhiteTeam "Barnet Knights 2"]
[BlackTeam "CSC 3"]

1. c4 e5 2. Nc3 Nf6 3. Nf3 Nc6 4. g3 d5 5. cxd5 Nxd5 6. d3 Be7 7. Bg2 Nb6 8.
O-O Bg4 9. h3 Bh5 10. Bd2 Qd7 11. Kh2 f5 12. Ng1 g5 13. Be3 Bf7 14. f3 h5 15.
Bf2 f4 16. Ne4 g4 17. Kh1 Nd5 18. Qc1 h4 19. gxf4 gxf3 20. Bxf3 Nxf4 21. Bg4
Be6 22. Bxe6 Qxe6 23. Qe3 Nd4 24. Rac1 Qg6 25. Ng3 hxg3 26. Qxe5 g2+ 27. Kh2
gxf1=N+ 0-1

[Event "4NCL Division 4 South"]
[Site "Maidenhead, ENG"]
[Date "2019.11.10"]
[Round "2.103"]
[White "Homolka, Vincent"]
[Black "Wolstenholme, Otis"]
[Result "1/2-1/2"]
[WhiteElo "1753"]
[BlackElo "1682"]
[PlyCount "26"]
[EventDate "2019.11.10"]
[WhiteTeam "CSC 3"]
[BlackTeam "Barnet Knights 2"]

1. e4 e6 2. d4 d5 3. Bd3 dxe4 4. Bxe4 Nf6 5. Bf3 c5 6. Ne2 Nc6 7. Be3 cxd4 8.
Nxd4 Ne5 9. Be2 Be7 10. O-O O-O 11. Nd2 Nd5 12. Nc4 Nxc4 13. Bxc4 Nxe3 1/2-1/2

[Event "4NCL Division 4 South"]
[Site "Maidenhead, ENG"]
[Date "2019.11.10"]
[Round "2.104"]
[White "Carter, Rebecca"]
[Black "John, Joshua"]
[Result "0-1"]
[WhiteElo "1712"]
[BlackElo "1680"]
[PlyCount "134"]
[EventDate "2019.11.10"]
[WhiteTeam "Barnet Knights 2"]
[BlackTeam "CSC 3"]

1. c4 Nf6 2. Nf3 c5 3. Nc3 Nc6 4. g3 d6 5. Bg2 g6 6. O-O Bg7 7. d3 O-O 8. Bg5
h6 9. Bf4 e5 10. Bd2 Be6 11. Qc1 g5 12. Rd1 Nd7 13. h4 g4 14. Ne1 Kh7 15. e4 f5
16. exf5 Bxf5 17. Be4 Qf6 18. Be3 Bxe4 19. dxe4 Nd4 20. Nc2 Qe6 21. b3 Nf6 22.
Kg2 Qf7 23. Rf1 Nh5 24. Bd2 Qf3+ 25. Kh2 Nf4 26. Ne3 Nfe2 27. Qd1 Nxc3 28. Bxc3
Ne2 29. Bd2 Nd4 30. Bc1 Qxe4 31. Qxg4 Nf3+ 32. Kh3 Qxg4+ 33. Nxg4 h5 34. Ne3 e4
35. Rb1 Nd4 36. Kg2 a6 37. Rd1 Rf7 38. Nd5 Raf8 39. Be3 Bh6 40. Rb2 Nf5 41.
Bxh6 Kxh6 42. Re2 Nd4 43. Rb2 Rg8 44. Re1 Re8 45. Re3 $11 b5 46. Nc3 Rfe7 47.
Nd5 Re5 48. g4 Kg7 49. g5 Rxd5 50. cxd5 Re5 51. Kh3 Nf5 52. Re1 Rxd5 53. Rxe4
Rd3+ 54. Kg2 d5 55. Rf4 Nd4 56. Rf6 c4 57. bxc4 dxc4 58. Rd6 c3 59. Rc2 Nxc2
60. Rxa6 Rd7 61. Rc6 b4 62. f4 Nd4 63. Rc4 Nc2 64. Kf3 Na3 65. Rc6 c2 66. Kf2
Nb5 67. Rc5 Nc3 0-1

[Event "4NCL Division 4 South"]
[Site "Maidenhead, ENG"]
[Date "2019.11.10"]
[Round "2.105"]
[White "Cresswell, Mike J"]
[Black "Farahi-Far, Arman"]
[Result "1/2-1/2"]
[WhiteElo "1669"]
[BlackElo "1645"]
[PlyCount "79"]
[EventDate "2019.11.10"]
[WhiteTeam "CSC 3"]
[BlackTeam "Barnet Knights 2"]

1. e4 c5 2. Nf3 Nc6 3. d4 cxd4 4. Nxd4 g6 5. c3 Bg7 6. Be3 Nf6 7. f3 d6 8. Na3
Qc7 9. Qd2 d5 10. Nxc6 bxc6 11. O-O-O dxe4 12. Bf4 Qd7 13. Qe1 Qf5 14. Qd2 O-O
15. g4 Qd7 16. Qf2 Qb7 17. g5 Nd5 18. fxe4 Nxf4 19. Qxf4 Rb8 20. Rd2 Be6 21. h4
Rfd8 22. Rxd8+ Rxd8 23. h5 Rb8 24. Rh2 gxh5 25. Qd2 Bg4 26. Be2 Be5 27. Rf2 Bd6
28. Nc4 Bxe2 29. Nxd6 exd6 30. Qxe2 Qb6 31. Qf3 Rb7 32. Qf4 a5 33. Rd2 d5 34.
exd5 cxd5 35. Re2 Rb8 36. Qe5 Qg1+ 37. Re1 Qb6 38. Re2 Qg1+ 39. Re1 Qb6 40. Re2
1/2-1/2

[Event "4NCL Division 4 South"]
[Site "Maidenhead, ENG"]
[Date "2019.11.10"]
[Round "2.106"]
[White "Sanfey, Gregor"]
[Black "Muppidi, Anirudh"]
[Result "1-0"]
[WhiteElo "1607"]
[BlackElo "1451"]
[PlyCount "81"]
[EventDate "2019.11.10"]
[WhiteTeam "Barnet Knights 2"]
[BlackTeam "CSC 3"]

1. c4 e5 2. Nc3 Nf6 3. g3 Bc5 4. Bg2 O-O 5. e3 Nc6 6. Nge2 d6 7. O-O Be6 8. d4
exd4 9. exd4 Nxd4 10. Nxd4 Bxc4 11. Re1 c6 12. Be3 Qd7 13. Ne4 Nxe4 14. Bxe4
Qe7 15. Qc2 d5 16. Bxh7+ Kh8 17. Qf5 Qe4 18. Qxe4 dxe4 19. Bxe4 Rae8 20. Bg2 f6
21. Rac1 Bxd4 22. Rxc4 Bxe3 23. Rxe3 Rxe3 24. fxe3 Rd8 25. Rd4 Rxd4 26. exd4
Kg8 27. Kf2 Kf7 28. Ke3 Ke7 29. Ke4 g6 30. h4 Kd6 31. g4 Ke6 32. h5 f5+ 33.
gxf5+ gxf5+ 34. Kf4 Kf6 35. h6 Kg6 36. h7 Kxh7 37. Kxf5 Kg7 38. Ke6 Kg6 39. Kd7
Kf5 40. Kc7 b5 41. Kxc6 1-0

[Event "4NCL Division 4 South"]
[Site "Maidenhead, ENG"]
[Date "2019.11.10"]
[Round "2.111"]
[White "Charles, Simon"]
[Black "Gooding, Ian"]
[Result "0-1"]
[WhiteElo "1765"]
[BlackElo "1979"]
[PlyCount "78"]
[EventDate "2019.11.10"]
[WhiteTeam "Watford 2"]
[BlackTeam "Cambridge University 3"]

1. d4 d5 2. Nf3 Nf6 3. Bg5 Ne4 4. Bf4 c5 5. c3 Qb6 6. Qb3 c4 7. Qxb6 axb6 8. e3
Bf5 9. Nbd2 Nc6 10. Nxe4 Bxe4 11. Nd2 Bg6 12. Be2 e6 13. h4 h6 14. h5 Bh7 15.
f3 b5 16. Kf2 b4 17. e4 Kd7 18. g4 b5 19. Rhc1 Be7 20. Be3 bxc3 21. bxc3 b4 22.
exd5 exd5 23. cxb4 Nxb4 24. a4 Nc2 25. Ra2 Bh4+ 26. Kg2 Nxe3+ 27. Kh3 Bf6 28.
Bxc4 Nxc4 29. Nxc4 dxc4 30. Rxc4 Rhc8 31. Rb4 Rc3 32. Kg2 Rc2+ 33. Rxc2 Bxc2
34. Rb7+ Ke6 35. d5+ Kxd5 36. Rxf7 Bxa4 37. f4 Be8 38. Rb7 Bc6 39. Rf7 Ke6+ 0-1

[Event "4NCL Division 4 South"]
[Site "Maidenhead, ENG"]
[Date "2019.11.10"]
[Round "2.112"]
[White "Patel, Rishi"]
[Black "Vig, Sanjay"]
[Result "1-0"]
[WhiteElo "1831"]
[BlackElo "1510"]
[PlyCount "75"]
[EventDate "2019.11.10"]
[WhiteTeam "Cambridge University 3"]
[BlackTeam "Watford 2"]

1. e4 d5 2. exd5 Nf6 3. d4 Nxd5 4. c4 Nb4 5. Qa4+ N8c6 6. d5 Bf5 7. Na3 b5 8.
Qxb5 Rb8 9. Qa4 e6 10. dxc6 Nd3+ 11. Bxd3 Bb4+ 12. Kf1 Qxd3+ 13. Ne2 Rd8 14.
Qxb4 Bg4 15. f3 Bxf3 16. Qe1 Bxe2+ 17. Qxe2 Qd1+ 18. Qe1 Qd3+ 19. Kg1 Rd4 20.
Be3 Re4 21. Kf2 Qd8 22. Qd2 Qf6+ 23. Ke2 O-O 24. Rhf1 Qh4 25. h3 Rd8 26. Qc3
Qg3 27. Rf2 f5 28. Raf1 g5 29. Nb1 Rdd4 30. Nd2 Rxe3+ 31. Qxe3 Qd6 32. Qxg5+
Kh8 33. Qe3 Kg8 34. Rf4 Rxf4 35. Qxf4 Qxc6 36. Rf3 Qe8 37. Rg3+ Kf8 38. Qh6+
1-0

[Event "4NCL Division 4 South"]
[Site "Maidenhead, ENG"]
[Date "2019.11.10"]
[Round "2.113"]
[White "Hylands, Keith A"]
[Black "Campbell, Mark C"]
[Result "0-1"]
[WhiteElo "1397"]
[BlackElo "1891"]
[PlyCount "62"]
[EventDate "2019.11.10"]
[WhiteTeam "Watford 2"]
[BlackTeam "Cambridge University 3"]

1. e4 c5 2. Nf3 d6 3. g3 Nc6 4. Bg2 g6 5. c3 Nf6 6. d3 Bg7 7. O-O O-O 8. Re1
Qb6 9. Qb3 Qa6 10. Bf1 Be6 11. Qc2 b5 12. Nbd2 Qb6 13. Bg2 b4 14. c4 a5 15. Rb1
a4 16. Qd1 Qc7 17. h3 Ra6 18. Nf1 Nd7 19. N1d2 Rb8 20. Ng5 Nd4 21. Nxe6 Nxe6
22. f4 Nd4 23. Nf3 b3 24. Nxd4 Bxd4+ 25. Kh2 bxa2 26. Ra1 a3 27. Rxa2 axb2 28.
Bxb2 Rxa2 29. Bxd4 cxd4 30. f5 Rbb2 31. Qf3 Rxg2+ 0-1

[Event "4NCL Division 4 South"]
[Site "Maidenhead, ENG"]
[Date "2019.11.10"]
[Round "2.114"]
[White "Phillips, William"]
[Black "Dasgupta, Avyukt"]
[Result "1-0"]
[WhiteElo "1893"]
[BlackElo "1390"]
[PlyCount "113"]
[EventDate "2019.11.10"]
[WhiteTeam "Cambridge University 3"]
[BlackTeam "Watford 2"]

1. d4 d5 2. Nf3 Nf6 3. g3 Bf5 4. Bg2 e6 5. O-O Bd6 6. c4 c6 7. Nc3 dxc4 8. Nh4
Bg6 9. e4 Be7 10. Nxg6 hxg6 11. Be3 Nbd7 12. Qe2 Nb6 13. Rfd1 Qd7 14. a4 a5 15.
d5 Nbxd5 16. exd5 cxd5 17. Bd4 Rh5 18. Bf3 Rh7 19. Bxf6 Bxf6 20. Nxd5 Qd8 21.
Nxf6+ Qxf6 22. Bxb7 Rd8 23. Qxc4 Kf8 24. Qc5+ Kg8 25. Rxd8+ Qxd8 26. Qc8 Qxc8
27. Bxc8 Rh5 28. Ba6 Rd5 29. b3 Kf8 30. Bc4 Rd8 31. Kf1 Ke7 32. Ke2 Kf6 33. Rd1
Rb8 34. Rd7 Ra8 35. Rd6 Ke5 36. Ra6 Rxa6 37. Bxa6 Ke4 38. Bc4 Ke5 39. Ke3 g5
40. f4+ gxf4+ 41. gxf4+ Kd6 42. f5 exf5 43. Kf4 f6 44. Kxf5 Ke7 45. h4 Kf8 46.
Kg6 Ke7 47. Kxg7 f5 48. h5 f4 49. h6 f3 50. h7 f2 51. h8=Q f1=Q 52. Bxf1 Kd6
53. Qh5 Kc6 54. Qe5 Kb7 55. Qd6 Ka7 56. Qc7+ Ka8 57. Bg2# 1-0

[Event "4NCL Division 4 South"]
[Site "Maidenhead, ENG"]
[Date "2019.11.10"]
[Round "2.115"]
[White "Ramesh, Karthik R"]
[Black "Breed, Greg J"]
[Result "0-1"]
[WhiteElo "1285"]
[BlackElo "1767"]
[PlyCount "94"]
[EventDate "2019.11.10"]
[WhiteTeam "Watford 2"]
[BlackTeam "Cambridge University 3"]

1. f4 d5 2. Nf3 c5 3. d3 Nc6 4. Nbd2 Nf6 5. e4 dxe4 6. dxe4 a6 7. Bc4 b5 8. Be2
c4 9. c3 Ng4 10. Nf1 Qxd1+ 11. Bxd1 e5 12. h3 Nf6 13. Bc2 Bd6 14. f5 O-O 15. g4
Bb7 16. Ng3 h6 17. g5 hxg5 18. Bxg5 Nh7 19. h4 Bc5 20. h5 Nxg5 21. Nxg5 Be3 22.
Nh3 Rad8 23. Ke2 Bh6 24. Rad1 f6 25. Rxd8 Rxd8 26. Nf1 Ne7 27. Rg1 Bc1 28. Nf2
Kh7 29. Nd1 Bc6 30. b4 Be8 31. Nde3 $11 Bxh5+ 32. Ng4 Kg8 33. Ke1 Bxg4 34. Rxg4
Kf7 35. Bd1 Rd3 36. Rg3 Bd2+ 37. Kf2 Rxg3 38. Bh5+ g6 39. Kxg3 Bf4+ 40. Kg4
gxh5+ 41. Kxh5 Nc8 42. Kg4 Nb6 43. Kf3 Na4 44. Ne3 Bxe3 45. Kxe3 Nxc3 46. Kd2
Nxe4+ 47. Ke3 Ng3 0-1

[Event "4NCL Division 4 South"]
[Site "Maidenhead, ENG"]
[Date "2019.11.10"]
[Round "2.116"]
[White "O'shea, Colm"]
[Black "Tharkabhushanam, Anirvin"]
[Result "1-0"]
[WhiteElo "1689"]
[BlackElo "1300"]
[PlyCount "67"]
[EventDate "2019.11.10"]
[WhiteTeam "Cambridge University 3"]
[BlackTeam "Watford 2"]

1. e4 c5 2. Nc3 Nc6 3. Bb5 Nf6 4. Bxc6 bxc6 5. e5 Nd5 6. Ne4 d6 7. Nf3 Bf5 8.
d3 g6 9. c4 Nc7 10. exd6 exd6 11. Bg5 Be7 12. Bh6 Ne6 13. Ng3 Bf6 14. Nxf5 Bxb2
15. Ng3 Qa5+ 16. Bd2 Qa3 17. Rb1 Qxa2 18. O-O O-O 19. Qc2 Rab8 20. Bc3 Qb3 21.
Rxb2 Qxc2 22. Rxc2 d5 23. Ne5 Rb7 24. Nxc6 d4 25. Bd2 Ra8 26. Na5 Re7 27. Rb2
Ng7 28. Rfb1 Ree8 29. Ne4 Ne6 30. Nf6+ Kf8 31. Nxe8 Rxe8 32. Rb8 Nd8 33. Bh6+
Kg8 34. Nc6 1-0

[Event "4NCL Division 4 South"]
[Site "Maidenhead, ENG"]
[Date "2019.11.10"]
[Round "2.121"]
[White "Angelopoulos, Nicos"]
[Black "Tart, Peter K"]
[Result "0-1"]
[WhiteElo "1615"]
[BlackElo "1890"]
[PlyCount "32"]
[EventDate "2019.11.10"]
[WhiteTeam "Barnet Knights 3"]
[BlackTeam "Crowthorne 2"]

1. e4 e5 2. Nf3 d5 3. exd5 Bd6 4. h3 Nf6 5. Be2 e4 6. Nh2 Bxh2 7. Rxh2 Qxd5 8.
Nc3 Qe5 9. g3 Nc6 10. Kf1 Bd7 11. d3 O-O-O 12. Bf4 Qe7 13. Kg2 Nd4 14. Rh1 Bc6
15. Kh2 exd3 16. Bxd3 Nf3+ 0-1

[Event "4NCL Division 4 South"]
[Site "Maidenhead, ENG"]
[Date "2019.11.10"]
[Round "2.122"]
[White "Cross, Mark"]
[Black "Angelopoulos, Andreas"]
[Result "1/2-1/2"]
[WhiteElo "1746"]
[BlackElo "1615"]
[PlyCount "68"]
[EventDate "2019.11.10"]
[WhiteTeam "Crowthorne 2"]
[BlackTeam "Barnet Knights 3"]

1. d4 Nf6 2. e3 d5 3. Bd3 Nbd7 4. f4 e6 5. Nd2 c5 6. c3 Bd6 7. Ngf3 cxd4 8.
cxd4 O-O 9. Ne5 Nb6 10. O-O Bd7 11. Qf3 g6 12. b3 Re8 13. Qh3 Bf8 14. g4 Bg7
15. Kh1 Qc8 16. Bb2 a6 17. Rac1 Qd8 18. Rg1 Bb5 19. Bb1 Rc8 20. Qg3 Nbd7 21.
Rxc8 Qxc8 22. Rc1 Qd8 23. a4 Bc6 24. Nxc6 bxc6 25. Rxc6 Qa8 26. Rc1 Rc8 27.
Rxc8+ Qxc8 28. Qg2 Qb7 29. Ba3 Bf8 30. Bxf8 Kxf8 31. Bd3 Nb8 32. g5 Nfd7 33.
Qe2 a5 34. Bb5 Nb6 1/2-1/2

[Event "4NCL Division 4 South"]
[Site "Maidenhead, ENG"]
[Date "2019.11.10"]
[Round "2.123"]
[White "Agnihotri, Aaryan"]
[Black "Leadbetter, Scott"]
[Result "0-1"]
[WhiteElo "1562"]
[BlackElo "1682"]
[PlyCount "114"]
[EventDate "2019.11.10"]
[WhiteTeam "Barnet Knights 3"]
[BlackTeam "Crowthorne 2"]

1. e4 c5 2. Nf3 g6 3. g3 Bg7 4. d3 Nc6 5. Bg2 d6 6. Be3 Bxb2 7. Nbd2 Bxa1 8.
Qxa1 Nf6 9. Bh6 e5 10. Bg7 Rg8 11. Bxf6 Qxf6 12. h4 Bg4 13. Nh2 Be6 14. Nhf3 h6
15. Qb1 Rb8 16. Qc1 Bxa2 17. Nh2 Be6 18. Ndf3 Qd8 19. O-O a5 20. Qxh6 Kd7 21.
Ng5 Rh8 22. Qg7 Qe7 23. Nh7 Rxh7 24. Qxh7 Nb4 25. Rc1 a4 26. Qh6 a3 27. Qd2 Qd8
28. Ra1 Ra8 29. Nf3 Qa5 30. Kh2 Na2 31. Qd1 Nc3 32. Qd2 Qb4 33. Qe1 Qb2 34. Nd2
a2 35. Nb3 Bxb3 36. cxb3 Nb1 37. Rxa2 Rxa2 38. Kg1 Qd2 39. Qf1 Qe2 40. Qxe2
Rxe2 41. Kf1 Rb2 42. Ke1 Rxb3 43. Kd1 Rxd3+ 44. Kc2 c4 45. Bf1 Na3+ 46. Kc1 Rd4
47. g4 c3 48. h5 gxh5 49. gxh5 c2 50. Be2 Rxe4 51. h6 Rxe2 52. h7 Re1+ 53. Kb2
c1=Q+ 54. Kb3 Qc2+ 55. Kxa3 Ra1+ 56. Kb4 Rb1+ 57. Ka5 Qa2# 0-1

[Event "4NCL Division 4 South"]
[Site "Maidenhead, ENG"]
[Date "2019.11.10"]
[Round "2.124"]
[White "Shek, Daniel"]
[Black "Agnihotri, Akaash"]
[Result "1-0"]
[WhiteElo "1534"]
[BlackElo "1532"]
[PlyCount "99"]
[EventDate "2019.11.10"]
[WhiteTeam "Crowthorne 2"]
[BlackTeam "Barnet Knights 3"]

1. d4 d5 2. c4 e6 3. Nf3 Nf6 4. Nc3 g6 5. Bg5 Be7 6. cxd5 exd5 7. h4 h6 8. Bxf6
Bxf6 9. e3 O-O 10. Bd3 Bg7 11. Qc2 h5 12. Ne5 Re8 13. Nxf7 Kxf7 14. Bxg6+ Kg8
15. Bxe8 Qxe8 16. Nxd5 Nc6 17. Nxc7 Qe7 18. Qc4+ Kh8 19. Nxa8 Be6 20. d5 Ne5
21. Qc2 Bxd5 22. Qc8+ Kh7 23. Qf5+ Kh8 24. Qxh5+ Kg8 25. Rd1 Bxg2 26. f4 Qb4+
27. Kf2 Qxb2+ 28. Kg3 Bxh1 29. Rxh1 Nd3 30. Qe8+ Kh7 31. Qe4+ Kg8 32. Qxd3 Qf6
33. Rd1 Bf8 34. Qd5+ Kh8 35. Qe5 Qxe5 36. fxe5 b5 37. Rd8 Kg7 38. Rxf8 Kxf8 39.
Nb6 axb6 40. Kf4 Ke7 41. h5 b4 42. h6 b3 43. axb3 b5 44. h7 b4 45. h8=Q Kf7 46.
Qf6+ Ke8 47. Qg7 Kd8 48. e6 Ke8 49. Qf7+ Kd8 50. Qd7# 1-0

[Event "4NCL Division 4 South"]
[Site "Maidenhead, ENG"]
[Date "2019.11.10"]
[Round "2.125"]
[White "Farahi-Far, Mohammad"]
[Black "Haslehurst, Harriet"]
[Result "1/2-1/2"]
[WhiteElo "1487"]
[BlackElo "1505"]
[PlyCount "90"]
[EventDate "2019.11.10"]
[WhiteTeam "Barnet Knights 3"]
[BlackTeam "Crowthorne 2"]

1. c4 c6 2. Nc3 Nf6 3. Nf3 d5 4. cxd5 cxd5 5. d4 g6 6. g3 Bg7 7. Bg2 O-O 8. O-O
Nc6 9. a3 Ne4 10. Be3 b6 11. Ng5 Nxc3 12. bxc3 Bb7 13. Qd2 Na5 14. Qc2 Nc4 15.
Bc1 Rc8 16. Nf3 Re8 17. Nd2 Nd6 18. e3 e5 19. Nb3 e4 20. f3 Ba6 21. Rf2 Bd3 22.
Qd2 Nc4 23. Qe1 f5 24. Bf1 Bxf1 25. Rxf1 Bh6 26. f4 Rf8 27. Ra2 g5 28. Rg2 Rc6
29. fxg5 Qxg5 30. h4 Qg4 31. Qe2 Qxe2 32. Rxe2 Rg6 33. Kh2 Rf7 34. Na1 Nd6 35.
Nc2 a5 36. Kh3 Bf8 37. a4 Nc4 38. Ref2 Rgf6 39. Ne1 Bd6 40. Ng2 Rg7 41. Nf4
Bxf4 42. Rxf4 Rgf7 43. h5 Kg7 44. Kh4 h6 45. Rg1 Rc6 1/2-1/2

[Event "4NCL Division 4 South"]
[Site "Maidenhead, ENG"]
[Date "2019.11.10"]
[Round "2.126"]
[White "Love, James"]
[Black "Prasad, Rupa"]
[Result "1-0"]
[WhiteElo "1461"]
[BlackElo "1442"]
[PlyCount "59"]
[EventDate "2019.11.10"]
[WhiteTeam "Crowthorne 2"]
[BlackTeam "Barnet Knights 3"]

1. e4 e5 2. Nf3 Nc6 3. d4 exd4 4. Nxd4 Qf6 5. c3 Bc5 6. Be3 Nh6 7. Bc4 Ng4 8.
Qxg4 d5 9. Qe2 dxc4 10. Qxc4 b6 11. Nxc6 Qxc6 12. Bxc5 bxc5 13. Qd5 Qxd5 14.
exd5 O-O 15. O-O Bb7 16. c4 Rfe8 17. Nc3 a6 18. Rfe1 h6 19. h3 Rad8 20. Na4 c6
21. Nxc5 Ba8 22. Rxe8+ Rxe8 23. d6 Rd8 24. d7 f6 25. Re1 Kf7 26. g4 a5 27. b3
Kg6 28. Re8 Rxd7 29. Nxd7 Kg5 30. Rxa8 1-0

[Event "4NCL Division 4 South"]
[Site "Maidenhead, ENG"]
[Date "2019.11.10"]
[Round "2.131"]
[White "Bowcott, Dustin"]
[Black "Bennet-Stevens, Lucy"]
[Result "0-1"]
[WhiteElo "1900"]
[BlackElo "1937"]
[PlyCount "70"]
[EventDate "2019.11.10"]
[WhiteTeam "Warwickshire Select 3"]
[BlackTeam "Sussex Martlets 3"]

1. d4 d5 2. Nf3 Nf6 3. Bg5 e6 4. Nbd2 Be7 5. e3 O-O 6. Bd3 Nbd7 7. c4 c6 8. O-O
Re8 9. Ne5 c5 10. Ndf3 Qb6 11. Qc2 h6 12. Bh4 Nf8 13. Rab1 a5 14. a3 a4 15.
Bxf6 gxf6 16. Bh7+ Nxh7 17. Nxf7 Kg7 18. Nh4 f5 19. Qe2 Bxh4 20. Qh5 Nf6 21.
Qxh6+ Kxf7 22. Qxh4 Bd7 23. cxd5 exd5 24. dxc5 Qxc5 25. Rbc1 Qd6 26. g3 Rh8 27.
Qd4 Rh7 28. Kg2 Qe6 29. f3 f4 30. Qxf4 Qh3+ 31. Kf2 Qxh2+ 32. Ke1 Qxb2 33. Rc7
Qb1+ 34. Kd2 Rh2+ 35. Kc3 Qb2+ 0-1

[Event "4NCL Division 4 South"]
[Site "Maidenhead, ENG"]
[Date "2019.11.10"]
[Round "2.132"]
[White "Finn, Daniel"]
[Black "Pal, Rohan"]
[Result "1-0"]
[WhiteElo "1817"]
[BlackElo "1787"]
[PlyCount "95"]
[EventDate "2019.11.10"]
[WhiteTeam "Sussex Martlets 3"]
[BlackTeam "Warwickshire Select 3"]

1. d4 d5 2. c4 e6 3. Nc3 Nf6 4. Bg5 Be7 5. e3 Nbd7 6. Nf3 dxc4 7. Bxc4 c5 8.
O-O O-O 9. Rc1 a6 10. Qc2 b5 11. Be2 Bb7 12. dxc5 Nxc5 13. Rfd1 Qb6 14. Bxf6
Bxf6 15. b4 Bxc3 16. bxc5 Qxc5 17. Qxc3 Qxc3 18. Rxc3 Bd5 19. a3 Rac8 20. Rdc1
Bxf3 21. Bxf3 Rcd8 22. h3 g6 23. Rc6 a5 24. Ra6 a4 25. Rb1 Rd3 26. Rxb5 Rxa3
27. Rba5 Rb8 28. Rxa4 Rxa4 29. Rxa4 Kg7 30. Kh2 Rb2 31. Kg3 h5 32. h4 Rb5 33.
Ra7 Rc5 34. Rb7 Rc2 35. Rb5 Kh6 36. Rb6 Rc4 37. Bc6 Kg7 38. e4 Kf6 39. f3 Rd4
40. Rb7 Rd6 41. Be8 Rd8 42. Rxf7+ Ke5 43. Bc6 Rc8 44. Bb7 Rb8 45. f4+ Kd6 46.
e5+ Kc5 47. Rg7 Kd4 48. Bf3 1-0

[Event "4NCL Division 4 South"]
[Site "Maidenhead, ENG"]
[Date "2019.11.10"]
[Round "2.133"]
[White "Shearsby, Jude"]
[Black "Hedger, Alec"]
[Result "0-1"]
[WhiteElo "1757"]
[BlackElo "1810"]
[PlyCount "116"]
[EventDate "2019.11.10"]
[WhiteTeam "Warwickshire Select 3"]
[BlackTeam "Sussex Martlets 3"]

1. d4 d5 2. Bf4 c6 3. e3 e6 4. Nf3 f5 5. Bd3 Nf6 6. Ne5 Bd6 7. Nd2 O-O 8. c3
Ne4 9. Ndf3 g5 10. Bg3 Nxg3 11. hxg3 g4 12. Nh2 Bxe5 13. dxe5 Qg5 14. Qa4 Nd7
15. Qf4 Qg7 16. Nf1 Nxe5 17. Bc2 Nc4 18. Qh6 Qxh6 19. Rxh6 Kg7 20. Rh4 Nxb2 21.
Kd2 Nc4+ 22. Ke2 b6 23. Nd2 Nxd2 24. Kxd2 Rf6 25. Rah1 h6 26. f3 gxf3 27. gxf3
Bd7 28. g4 fxg4 29. Rxg4+ Kf7 30. Rgh4 Rh8 31. f4 Ke7 32. Rg4 h5 33. Rg7+ Rf7
34. Rg5 h4 35. Rg4 h3 36. Rg3 e5 37. fxe5 Rf2+ 38. Kd1 Rg2 39. Rg6 Rxg6 40.
Bxg6 h2 41. Ke2 Bg4+ 42. Kf2 Ke6 43. Bd3 Bf5 44. Be2 Be4 45. Bf3 Rf8 46. Rxh2
Rxf3+ 47. Ke2 Kxe5 48. Rh5+ Rf5 49. Rh6 Rf6 50. Rh5+ Kd6 51. Rh8 Rf7 52. Rh6+
Kc5 53. Rh2 Rg7 54. Kd1 Rg1+ 55. Kd2 Rg2+ 56. Rxg2 Bxg2 57. a3 Kc4 58. Kc2 Be4+
0-1

[Event "4NCL Division 4 South"]
[Site "Maidenhead, ENG"]
[Date "2019.11.10"]
[Round "2.134"]
[White "Hedger, Timothy"]
[Black "Chen, Daniel Xingyu"]
[Result "1-0"]
[WhiteElo "1750"]
[BlackElo "1705"]
[PlyCount "127"]
[EventDate "2019.11.10"]
[WhiteTeam "Sussex Martlets 3"]
[BlackTeam "Warwickshire Select 3"]

1. e4 c5 2. Nf3 Nc6 3. Bb5 g6 4. O-O Bg7 5. c3 Nf6 6. Re1 a6 7. Bxc6 dxc6 8. d4
cxd4 9. cxd4 O-O 10. Nc3 Qc7 11. h3 Rd8 12. Bg5 h6 13. Be3 Nd7 14. Qd2 Kh7 15.
Rac1 Nb6 16. e5 Nc4 17. Qe2 Nxe3 18. Qxe3 Be6 19. a3 Rac8 20. Red1 Qb6 21. Qe2
Kg8 22. Na4 $11 Qb5 23. Qxb5 cxb5 24. Rxc8 Rxc8 25. Nc3 Bb3 26. Rc1 e6 27. Ne2
Rxc1+ 28. Nxc1 Bd5 29. Nd3 Kf8 30. Nd2 Ke8 31. Nb4 Kd7 32. Nxd5 exd5 33. g4 f6
34. f4 fxe5 35. dxe5 g5 36. fxg5 hxg5 37. Nf3 d4 38. Kf2 Ke6 39. Ke2 Bxe5 40.
Nxg5+ Kd5 41. Kd3 Kc6 42. Nf3 Bh8 43. b4 Kd5 44. h4 b6 45. g5 Ke6 46. Nxd4+ Kf7
47. Ke4 a5 48. h5 axb4 49. axb4 Bg7 50. Kd5 Bf8 51. Nc6 Bg7 52. Kd6 Bc3 53.
Ne5+ Kg7 54. h6+ Kh7 55. Ke6 Bxb4 56. Kf7 Bc3 57. g6+ Kxh6 58. g7 Bxe5 59. g8=Q
Kh5 60. Qh7+ Kg4 61. Qe4+ Bf4 62. Kf6 Kg3 63. Kf5 Bc1 64. Qe1+ 1-0

[Event "4NCL Division 4 South"]
[Site "Maidenhead, ENG"]
[Date "2019.11.10"]
[Round "2.135"]
[White "Wong, Tristan"]
[Black "Woods, Timothy J"]
[Result "1-0"]
[WhiteElo "1630"]
[BlackElo "1675"]
[PlyCount "33"]
[EventDate "2019.11.10"]
[WhiteTeam "Warwickshire Select 3"]
[BlackTeam "Sussex Martlets 3"]

1. d4 d6 2. Bf4 Nf6 3. e3 g6 4. Nc3 Bg7 5. Bd3 O-O 6. h4 h5 7. f3 c5 8. Bg5
cxd4 9. exd4 Qb6 10. Be3 Qxb2 11. Nb5 Qb4+ 12. Bd2 Qa4 13. Nc7 Qxd4 14. Ne2 Qc5
15. Nxa8 Nd5 16. Rb1 a6 17. c4 1-0

[Event "4NCL Division 4 South"]
[Site "Maidenhead, ENG"]
[Date "2019.11.10"]
[Round "2.136"]
[White "Finn, Elizabeth"]
[Black "Bowcott-Terry, Silas"]
[Result "1-0"]
[WhiteElo "1585"]
[BlackElo "1450"]
[PlyCount "119"]
[EventDate "2019.11.10"]
[WhiteTeam "Sussex Martlets 3"]
[BlackTeam "Warwickshire Select 3"]

1. d4 d5 2. c4 e6 3. Nc3 Nf6 4. Bg5 Be7 5. Nf3 Nc6 6. e3 h6 7. Bh4 a6 8. Bd3
Nb4 9. Ne5 Bd7 10. a3 Nc6 11. cxd5 Nxd5 12. Nxd5 Bxh4 13. Nxd7 Qxd7 14. Nc3 Ne7
15. Qg4 Bf6 16. Ne4 Bxd4 17. exd4 Qxd4 18. Qe2 Rd8 19. Rd1 O-O 20. O-O Qe5 21.
Nc3 Qc5 22. Qe4 Ng6 23. Qxb7 Rb8 24. Qxa6 Rxb2 25. Qc4 Qxa3 26. Bxg6 fxg6 27.
Qxe6+ Kh8 28. Nd5 Qa2 29. Nxc7 Rfxf2 30. Rxf2 Rxf2 31. Qxa2 Rxa2 32. Ne6 Ra8
33. Rd7 Ra1+ 34. Kf2 Ra2+ 35. Kf3 Ra3+ 36. Ke2 Ra2+ 37. Rd2 Rxd2+ 38. Kxd2 Kg8
39. Ke3 Kf7 40. Nf4 g5 41. Nd3 Kf6 42. Kf3 Kf5 43. g4+ Kf6 44. Ke4 g6 45. Nc5
h5 46. h3 h4 47. Kd5 Kf7 48. Ne4 Kg7 49. Nxg5 Kh6 50. Nf3 g5 51. Ke5 Kg6 52.
Ke6 Kg7 53. Nxg5 Kg6 54. Nf3 Kg7 55. Nxh4 Kh6 56. Kf6 Kh7 57. Nf5 Kg8 58. g5
Kh8 59. Kf7 Kh7 60. g6+ 1-0

[Event "4NCL Division 4 South"]
[Site "Maidenhead, ENG"]
[Date "2019.11.10"]
[Round "2.141"]
[White "Jones, Robert L"]
[Black "Sanfey, Peter"]
[Result "1-0"]
[WhiteElo "1766"]
[BlackElo "1367"]
[PlyCount "53"]
[EventDate "2019.11.10"]
[WhiteTeam "Iceni 3"]
[BlackTeam "Barnet Knights 4"]

1. e4 e5 2. Nf3 Nc6 3. d4 d6 4. dxe5 Be6 5. exd6 Bxd6 6. Bb5 a6 7. Bxc6+ bxc6
8. e5 Bb4+ 9. Bd2 Qe7 10. a3 Bxd2+ 11. Nbxd2 Rd8 12. Qe2 a5 13. O-O-O Qc5 14.
Ne4 Rxd1+ 15. Rxd1 Qb6 16. Qd2 Qb8 17. Qg5 g6 18. Nf6+ Nxf6 19. exf6 h6 20. Qd2
a4 21. Qa5 g5 22. Qc5 Qd8 23. Rxd8+ Kxd8 24. Qxc6 Re8 25. Qxa4 Bf5 26. Qa8+ Kd7
27. Qd5+ 1-0

[Event "4NCL Division 4 South"]
[Site "Maidenhead, ENG"]
[Date "2019.11.10"]
[Round "2.142"]
[White "Carter, Gavin"]
[Black "Usher, Michael E"]
[Result "1-0"]
[WhiteElo "1262"]
[BlackElo "1713"]
[PlyCount "69"]
[EventDate "2019.11.10"]
[WhiteTeam "Barnet Knights 4"]
[BlackTeam "Iceni 3"]

1. c4 f5 2. g3 Nf6 3. Nf3 e6 4. Bg2 Be7 5. Nc3 O-O 6. d4 d6 7. Bg5 Nbd7 8. h4
h6 9. Bc1 a6 10. Nd2 Rb8 11. Qc2 Ng4 12. b3 f4 13. gxf4 Rxf4 14. Nde4 Rf8 15.
Ng5 Ndf6 16. Nce4 d5 17. Nxf6+ Nxf6 18. Nf3 Ne4 19. a3 c6 20. b4 Bd7 21. c5 Qc7
22. Be3 Bf6 23. O-O-O a5 24. Ng5 Bxg5 25. hxg5 Nxf2 26. Rxh6 Nxd1 27. Qh7+ Kf7
28. Qg6+ Kg8 29. Qh7+ Kf7 30. Rf6+ Ke8 31. Qg6+ Ke7 32. Qxg7+ Kd8 33. Rxf8+ Be8
34. Qxc7+ Kxc7 35. Kxd1 1-0